Statistics for Death in Paradise

Click here to take the quiz!

General Stats

  • This quiz has been taken 325 times
    (324 since last reset)
  • The average score is 11 of 20

Answer Stats

HintAnswer% Correct
Fictional Island where show is setSaint Marie
96%
Island where the show is filmedGuadeloupe
86%
Name of first detectiveRichard Poole
85%
Where is the detectives house locatedBeach
77%
Actor who played himBen Miller
74%
And her Daughter who was a DS in first 4 seasonCamille
72%
Third DetectiveJack Mooney
66%
Fourth DetectiveNeville Parker
62%
Actor who played himKris Marshall
58%
Actor who played himRalf Little
54%
Person who owns bar on seafrontCatherine Bordey
51%
What is the only other place the show has been filmed for a two part specialLondon
50%
Who does Josephine Jobert PlayFlorence Cassell
48%
Actor who played himArdal O'Hanlon
39%
What actor played Dwain MyersDanny John-Jules
38%
Actor who plays the commissionerDon Warrington
38%
The police also use a motorbike and..Sidecar
38%
Name of second detectiveHumphery Goodman
33%
What is JP Hoopers wife calledRosey
31%
What car do the Saint Marie police driveLand rover
27%

Score Distribution

Percentile by Number Answered

Percent of People with Each Score

Your Score History

You have not taken this quiz since the last reset